Дело о смерти оханского городничего Клишева и об определении на место его титулярного советника Лукашевича

Доступно только в Электронных читальных залах Найти на картеНа карте
RUSMARC
00003718nmc2a22000003x 450
0016e281369-0c2a-493a-bf42-191e6bce32b5
00520200203101708.0
100##$a20180409l18551856k l0rusy0189 ca
1010#$arus
102##$aRU
2001#$aДело о смерти оханского городничего Клишева и об определении на место его титулярного советника Лукашевича
$j22 января 1855 г. - 3 марта 1856 г.
251##$cДело
300##$aДело
801#0$aRU
$bРГИА
$c20180409
$gRCR
801#1$aRU
$bГлавНИВЦ
$c20180409
$2rusmarc
801#2$aRU
$bПБ им. Б.Н. Ельцина
$c20200203
$gRCR
$2rusmarc
850##$aРГИА
852##$aРГИА
$eФедеральное казенное учреждение "Российский государственный исторический архив" (РГИА)
$j521
937##$hРГИА
$d12274297
$aASBIBLIO_SCAN
462#0$1001a155281c-31fd-4ebf-bc41-b17b201574d6
$12001
$aДела Департамента полиции исполнительной МВД за 1855 год
$1251
$cОпись
$1852
$j16
$l1855 г.
461#0$10013e300ed0-cd39-49af-8489-5ba5b90fa401
$12001
$aДепартамент полиции исполнительной МВД
$1251
$cФонд
$1852
$j1286
215##$a18 л.
$d36,5х26 см
371##$aДокумент не является опубликованным и широко распространяемым
105##$ay###
1222#$ad
035##$a6e281369-0c2a-493a-bf42-191e6bce32b5
856##$uhttp://readingroom.main.prlib.ru/item.aspx?id_node=n138112862&mode=full
Формат отображения